00720nam a2200109 450000500170000000800410001702200130005824500430007126000420011452003940015665000600055020220426164816.0220426b ||||| |||| 00| 0 hin d a1354067X aCulture And Psychology cJaan Valsiner aUnited KingdombSAGE Publications Ltd aCulture & Psychology is to lead the international scholarly community towards new general theoretical approaches in psychology that include culture. It is not an outlet for purely empirical papers of comparison of people from different ethnic groups. Empirical work is published if demonstrated to be relevant for theory, and adequacy of the data to the phenomena is carefully scrutinized. bculture necessaryxanthropology, sociology, and history